Narratology : introduction to the theory of narrative /

Bibliographic Details
Main Author: Bal, Mieke, 1946- (Author)
Format: Book
Language:English
Published: Toronto ; Buffalo : University of Toronto Press, [2017]
Edition:Fourth edition.
Subjects:

MARC

Tag First Indicator Second Indicator Subfields
LEADER 00000cam a2200000 i 4500
001 in00003922621
005 20180214142623.0
008 171018t20172017onca b 001 0 eng
010 |a  2017299322 
020 |a 9781442650329  |q (hardcover : acid-free paper) 
020 |a 144265032X 
020 |a 9781442650367 
020 |a 1442650362 
020 |a 9781442628373 
020 |a 1442628375 
035 |a (OCoLC)ocn989789805 
040 |a DLC  |e rda  |c DLC  |d UtOrBLW 
041 1 |a eng  |h dut 
049 |a TXAM 
050 0 0 |a PN212  |b .B313 2017 
082 0 0 |a 808.3/93  |2 23 
100 1 |a Bal, Mieke,  |d 1946-  |e author.  |0 http://id.loc.gov/authorities/names/n86800341 
240 1 0 |a Theorie van vertellen en verhalen.  |l English 
245 1 0 |a Narratology :  |b introduction to the theory of narrative /  |c Mieke Bal. 
250 |a Fourth edition. 
264 1 |a Toronto ;  |a Buffalo :  |b University of Toronto Press,  |c [2017] 
264 4 |c ©2017 
300 |a xxi, 205 pages :  |b illustrations ;  |c 24 cm. 
336 |a text  |b txt  |2 rdacontent 
337 |a unmediated  |b n  |2 rdamedia 
338 |a volume  |b nc  |2 rdacarrier 
504 |a Includes bibliographical references (pages [189]-193) and indexes. 
650 0 |a Narration (Rhetoric)  |0 http://id.loc.gov/authorities/subjects/sh85089833 
945 |b 336681 
947 |a A14850254963 
948 |a cataloged  |b h  |c 2017/12/7  |d c  |e dmitchel  |f 1:30:20 pm 
994 |a 92  |b TXA 
999 f f |s df9aba6d-c4df-3a0e-938a-dc177fe844ef  |i fb91446a-ef15-3c7e-a64f-02c0e10d06dc  |t 0 
952 f f |p normal  |a Texas A&M University  |b College Station  |c Sterling C. Evans Library  |d Evans: Library Stacks  |t 0  |e PN212 .B313 2017  |h Library of Congress classification  |i unmediated -- volume  |m A14850254963 
998 f f |a PN212 .B313 2017  |t 0  |l Evans: Library Stacks